10 größte deutsche Städte mit einem Bindestrich - Statistiken

Allgemein
  • Dieses Quiz wurde 86 mal gespielt
  • Das Durchschnittsergebnis liegt bei 4 aus 10
Antwortstatistiken
Bundesland Antwort % Korrekt
Baden-Württemberg Villingen-Schwenningen
74%
NRW Castrop-Rauxel
64%
Sachsen-Anhalt Dessau-Roßlau
59%
Baden-Württemberg Baden-Baden
56%
Bayern Neu-Ulm
33%
Baden-Württemberg Bietigheim-Bissingen
27%
Baden-Württemberg Leinfelden-Echterdingen
23%
Sachsen-Anhalt Bitterfeld-Wolfen
17%
NRW Rheda-Wiedenbrück
15%
Hessen Neu-Isenburg
6%
Keine übereinstimmenden Quizze gefunden
Verteilung der Resultate
Anzahl Personen mit jedem Resultat
Perzentil nach korrekt beantworteten Fragen
Ihre Resultats-Entwicklung
Sie haben dieses Quiz noch nicht gespielt